000 00487nam a22001577a 4500
003 SGT
020 _a9788182963306
082 _a658, GOY
100 _aGOYAL, RAJESH
245 _aBUSINESS MANAGEMENT
260 _aNEW DELHI
_bA P C
_c2010
300 _aV.P.
650 _aMANAGEMENT
653 _aSTAFFING, RECRUITMENT, SELECTION AND TRAINING, MOTIVATION, LEADERSHIP, COMMUNICATION, CONTROL: NATURE AND PROCESS, TECHNIQUES OF CONTROL, MANAGEMENT OF CHANGES
942 _2ddc
_cFCM
999 _c9073
_d9073